| Tag |
First Indicator |
Second Indicator |
Subfields |
| LEADER |
00000cam a2200000 a 4500 |
| 001 |
in00000071348 |
| 005 |
20151008062157.0 |
| 008 |
800213s1978 pe ab 00010 spam |
| 010 |
|
|
|a 79117042
|
| 035 |
|
|
|a (OCoLC)06088308
|
| 035 |
|
|
|9 AAJ9678AM
|
| 040 |
|
|
|a DLC
|c DLC
|d TXA
|d UtOrBLW
|
| 043 |
|
|
|a s-pe---
|
| 049 |
|
|
|a TXAM
|c [387083]
|
| 050 |
0 |
0 |
|a F3429.3.E2
|b D44
|
| 082 |
0 |
|
|a 305.8/98/085
|
| 100 |
1 |
|
|a Delran C., Guido.
|
| 245 |
1 |
0 |
|a Historia rural del Peru /
|c Guido Delran C.
|
| 264 |
|
1 |
|a Cusco :
|b Centro de Estudios Rurales Andinos Bartolome de Las Casas,
|c [1978 or 1979]
|
| 300 |
|
|
|a 192 pages :
|b illustrations, map ;
|c 22 cm.
|
| 336 |
|
|
|a text
|b txt
|2 rdacontent
|
| 337 |
|
|
|a unmediated
|b n
|2 rdamedia
|
| 338 |
|
|
|a volume
|b nc
|2 rdacarrier
|
| 490 |
1 |
|
|a Serie Historia y sociedad ;
|v no. 1
|
| 490 |
1 |
|
|a Cuadernos de capacitacion campesina
|
| 500 |
|
|
|a Folded map in front of t. p.
|
| 650 |
|
0 |
|a Indians of South America
|z Peru
|x Economic conditions.
|
| 650 |
|
0 |
|a Indians of South America
|z Peru
|x Government relations.
|
| 651 |
|
0 |
|a Peru
|x Rural conditions.
|
| 651 |
|
0 |
|a Peru
|x Politics and government.
|
| 830 |
|
0 |
|a Serie Historia y sociedad ;
|v no. 1.
|
| 830 |
|
0 |
|a Cuaderno de capacitación campesina.
|
| 999 |
|
|
|a MARS
|
| 999 |
f |
f |
|s 332a2029-260a-3731-bec8-0f20a1c81cc0
|i a9c7dae8-411f-3b95-9f21-0582ac6b3bea
|t 0
|
| 952 |
f |
f |
|p ric
|a Texas A&M University
|b Rellis Campus
|c Joint Library Facility
|d Remote Storage
|t 0
|e F3429.3.E2 D44
|h Library of Congress classification
|i unmediated -- volume
|m A14806112527
|
| 998 |
f |
f |
|a F3429.3.E2 D44
|t 0
|l Remote Storage
|